000 00321nam a22001457a 4500
008 230412b ||||| |||| 00| 0 eng d
020 _a9781889315775
041 _aeng
080 _a34
082 _a34DAV
100 _a31
101 _aJURE
245 _aEVIDENCE COLLECTION PRESENTATION
_cDAVIS R
942 _2udc
_cBK
999 _c59512
_d59512